01107nam a2200313 i 4500001000300000003000400003005001700007008003900024020001500063040000800078041001300086080001600099080001200115100003500127245018900162246003200351250001100383260004300394300003100437500003500468504001200503655003000515650001800545700002000563700003800583710003400621700004000655856009800695bgBPK20220627080246.0 s1997 pl f f |000 0 pol a8301116773 cBPK1 apolheng a330.101.541 a(075.8)1 aHall, Robert Ernestd(1943- ).10aMakroekonomia :bteoria, funkcjonowanie i polityka /cRobert E. Hall, John B. Taylor ; red. nauk. przekł. Andrzej Wojtyna ; poszczególne rozdz. przeł. [z ang.] Jan Czekaj [et al.].1 iTyt. oryg.:aMacroeconomics aWyd.2. aWarszawa :bWydaw. Naukowe PWN,c1997. a624 s. :bwykr., ;c25 cm. aOryg. : "Macroeconomics" 1993. aIndeks. 4aPodręczniki akademickie 4aMakroekonomia1 aTaylor, John B.1 aWojtyna, Andrzejd(1951- ).eRed.2 aWydawnictwo Naukowe PWN4pbl.1 aCzekaj, Jand(1950- )eTłumaczenie uhttp://koha.tu.koszalin.pl/cgi-bin/koha/opac-detail.pl?biblionumber=32174yKatalog online BPK